000
00216 a2200097 4500
001
46876
100
_a
Ceekie R
245
_a
Helmet for my pillow
260
_a
New York
_b
Nelson doubleday
_c
090
_c
29961
_d
29961
942
_a
NUST-CAE
_c
M
_c
22181
999
_c
281949
_d
281949